| 000 | 00468nam a2200169Ia 4500 | ||
|---|---|---|---|
| 999 |
_c1432 _d1432 |
||
| 003 | OSt | ||
| 005 | 20200925100546.0 | ||
| 008 | 190216s9999||||xx |||||||||||||| ||und|| | ||
| 040 | _coclc | ||
| 082 |
_a550 _bERS/F |
||
| 100 |
_aErshov, V V _94978 |
||
| 245 | 0 |
_aFundamentals Of Geology / _cV V Ershov ; A A Novikov |
|
| 260 |
_bMir Publishers, _c1986. _aMoscow: |
||
| 300 | _a358p | ||
| 650 | _aBotany | ||
| 942 |
_cBK _2ddc _h550 _iERS/F _k550 _mERS/F |
||